An Introduction to management: its principles and techniques (Record no. 362196)

000 -LEADER
fixed length control field 00407cam a22001337a 4500
008 - FIXED-LENGTH DATA ELEMENTS--GENERAL INFORMATION
fixed length control field 180718b1962 xxu||||| |||| 00| 0 eng d
082 ## - DEWEY DECIMAL CLASSIFICATION NUMBER
Classification number T25 C392/62
100 ## - MAIN ENTRY--PERSONAL NAME
Personal name Chatterji, Satya Saran
245 ## - TITLE STATEMENT
Title An Introduction to management: its principles and techniques
Statement of responsibility, etc. by Satya Saran Chatterji
250 ## - EDITION STATEMENT
Edition statement 2nd ed.
260 ## - PUBLICATION, DISTRIBUTION, ETC.
Place of publication, distribution, etc. Calcutta
Name of publisher, distributor, etc. World Press
Date of publication, distribution, etc. 1962
300 ## - PHYSICAL DESCRIPTION
Extent 325p.
650 ## - SUBJECT ADDED ENTRY--TOPICAL TERM
Topical term or geographic name entry element Industrial Management
Holdings
Withdrawn status Lost status Damaged status Not for loan Permanent Location Current Location Date acquired Full call number Barcode Date last seen Price effective from Koha item type
        Indian Institute of Public Administration Indian Institute of Public Administration 1994-03-21 T25 C392/62 31184 2018-07-21 2018-07-21 Book

Powered by Koha